Podnikanie klastrov a kooperácia MSP v rámci regiónov
Šesť základných foriem kooperácie. Princípy tvorby podnikateľských sietí. Zákon o malých podnikoch a podpora kooperačného podnikania. Kooperačné podnikanie prostredníctvom klastrov. Hlavné prínosy klastrov. Klasifikácia klastrov. Základné charakteristiky klastrov. Klastre a klastrové iniciatívy na S...
Salvato in:
| Autore principale: | |
|---|---|
| Altri autori: | |
| Natura: | Capitolo di libro |
| Lingua: | slovacco |
| Soggetti: | |
| Tags: |
Nessun Tag, puoi essere il primo ad aggiungerne!!
|
MARC
| LEADER | 00000naa$a2200000$$$4500 | ||
|---|---|---|---|
| 001 | 0249515 | ||
| 005 | 20240502083711.0 | ||
| 041 | 0 | |a slo | |
| 044 | |a PL | ||
| 245 | 1 | 0 | |a Podnikanie klastrov a kooperácia MSP v rámci regiónov |c Denisa Gajdová, Michal Levický |
| 520 | |a Šesť základných foriem kooperácie. Princípy tvorby podnikateľských sietí. Zákon o malých podnikoch a podpora kooperačného podnikania. Kooperačné podnikanie prostredníctvom klastrov. Hlavné prínosy klastrov. Klasifikácia klastrov. Základné charakteristiky klastrov. Klastre a klastrové iniciatívy na Slovensku. | ||
| 610 | 2 | 0 | |a klaster |
| 610 | 2 | 0 | |a siete podnikateľské |
| 610 | 2 | 0 | |a kooperácia |
| 610 | 2 | 0 | |a spolupráca podnikov |
| 610 | 2 | 0 | |a spolupráca regionálna |
| 610 | 2 | 0 | |a regióny |
| 610 | 2 | 0 | |a kraje |
| 610 | 2 | 0 | |a podnik malý |
| 610 | 2 | 0 | |a podnik stredný |
| 610 | 2 | 0 | |a legislatíva |
| 610 | 2 | 0 | |a Európska únia |
| 610 | 2 | 0 | |a Slovensko |
| 100 | 1 | |a Gajdová, Denisa, 1977- | |
| 700 | 1 | |a Levický, Michal | |